Administració, gerents i ciutadans /
Descripción Física:
40 pàgines ; 30 cm
Idioma:
Catalán
MARC
| LEADER | 00000nam a2200000 a 4500 | ||
|---|---|---|---|
| 001 | 26476 | ||
| 008 | 220816s1998 spa||||| |||| 00| 0 cat d | ||
| 080 | |a Bib-902 | ||
| 245 | 0 | 0 | |a Administració, gerents i ciutadans / |c Fundació Catalunya Segle XXI ; amb la col·laboració de l'O.A. Flor de Maig-Diputació de Barcelona |
| 260 | |a Barcelona : |b Diputació de Barcelona, |c 1998? | ||
| 300 | |a 40 pàgines ; |c 30 cm | ||
| 650 | 0 | |9 34286 |a Administració local | |
| 650 | 0 | |a Municipis |x Govern i administració |9 22275 | |
| 710 | 2 | |9 17394 |a Fundació Catalunya Segle XXI | |
| 710 | 2 | |9 54170 |a Organisme Autònom Flor de Maig | |
| 942 | |2 udc |c ARXIU |n 1 | ||
| 952 | |0 0 |1 0 |4 0 |6 BIB902 |7 1 |9 63459 |a Arxiu |b Arxiu |d 2022-08-16 |l 0 |o Bib-902 |p 26476 |r 2022-08-16 00:00:00 |w 2022-08-16 |y ARXIU | ||
| 999 | |c 82592 |d 82592 | ||